Les films de A à Z - Statistiques

Statistiques générales
  • Ce quiz a été pris 193 fois
  • Le résultat moyen est 12 sur 25
Statistiques - réponses
Lettres Indices Réponse % Correct
E Téléphone maison E.T
92%
Z Héros masqué Zorro
83%
O Parodie d'un espion francais OSS 117
81%
J Atout d'un jeu de carte Joker
80%
X Film marvel X-men
71%
F La première règle interdit d'en parler Fight Club
70%
L tueur à gage qui prend une fillette sous son aile Léon
67%
I Tentative de sauvetage du dernier frère pendant la seconde guerre mondiale Il faut sauver le soldat Ryan
64%
T Devenue une expression pour les enfants qui restent chez leurs parents Tanguy
63%
Q Film avec Christian Clavier Qu'est ce qu'on a fait au bon dieu ?
61%
A Film français inspiré inspiré d'une BD Astérix et Obélix Mission Cléopâtre
53%
W Comédie musicale se déroulant à Manatthan sur des airs de Roméo et Juliette West Side Story
43%
C Premier film de Fabrice Eboué Case départ
40%
R Film de boxe Rocky Balboa
40%
V film mettant en scène un combattant de la liberté luttant contre un régime autoritaire faciste signant ses actes d'une initiale V pour Vendetta
38%
B Le héros est un fils d'ouvrier dansant sur le Lac des cygnes Billy Eliott
36%
M Il retrouve la mémoire grâce a des post it Memento
34%
P Contient une scène culte de danse sur la musique "You never can tell" de Chuck Berry Pulp Fiction
32%
D Western produit, réalisé et interprété (acteur principal) par Kevin Costner Danse avec les loups
26%
U Film d'enquête avec un plot twist a la fin Usual Suspect
26%
G Garde du corp d'un pianiste noir Green Book
25%
Y prise d'otage pendant une pièce de théâtre (film humoristique) Yannick
24%
K film avec Dicaprio sur le massacre des Osages au USA en 1920 Killers of the flower moon
20%
N Photographe qui crée des fait divers pour vendre ces photos à des journaux Nightcall
9%
H film d'animation avec Dracula Hôtel Transylavanie
0%
Aucun quiz correspondant
Distribution des résultats
% des personnes avec chaque résultat
Percentile par nombre de réponses
Votre historique - résultats
Vous n’avez pas pris ce quiz